000 00236nam a2200097Ia 4500
008 170619s9999 xx 000 0 und d
100 _aAkaiwa- Yoshihiko
245 0 _aIntro. to Digital Mobile Communications
260 _bWILEY
260 _c2011
546 _aENGLISH
999 _c20441
_d20441